Estados que fazem divisa com a Bahia - Statistics

Estatísticas Gerais
  • Esse quiz foi jogado 53 vezes
  • A pontuação média é 7 de 8
Estatísticas das Respostas
Estado % Correto
Minas Gerais
100%
Sergipe
98%
Alagoas
96%
Pernambuco
96%
Piauí
92%
Espírito Santo
86%
Goiás
86%
Tocantins
84%
Nenhum quiz correspondente encontrado
Distribuição das Pontuações
Porcentagem de Pessoas com Cada Pontuação
Percentil de Números Respondidos
Sua Pontuação Histórica
Você não jogou esse quiz